000 00737nam a2200229 i 4500
001 187487
003 ES-MaACL
005 20230906222936.0
008 170823s1984 sp |||| | spa d
020 _a84-206-5219-9
080 _a008(45)"14/15"(03)
245 0 0 _aEnciclopedia del Renacimiento italiano /
_cdirigida por J.R. Hale ; versión española de Fernando Villaverde.
260 _aMadrid :
_bAlianza Editorial,
_c[1984]
300 _a425 p. :
_bil. ;
_c24 cm.
490 1 _aAlianza diccionarios
650 0 4 _aRenacimiento-
_zItalia.
_916844
700 0 _aHale, J. R.
_961530
700 0 _aVillaverde, Fernando.
_9115175
830 0 _aAlianza diccionarios
_9177801
852 _aES-MaACL
_jL-11408
999 _c187487
_d187487